Exam Ref MCSA 70-411 : Administering Windows Server 2012 R2 /

Prepare for Microsoft Exam 70-411 - and help demonstrate your real-world mastery of administering Windows Server 2012 R2. Designed for experienced IT professionals ready to advance their status, Exam Ref focuses on the critical-thinking and decision-making acumen needed for success at the MCSA level...

Full description

Bibliographic Details
Main Author: Russel, Charlie (Author)
Corporate Author: Safari, an O'Reilly Media Company
Format: eBook
Language:English
Published: Microsoft Press, 2014.
Edition:1st edition.
Subjects:
Online Access:Connect to this electronic resource

MARC

Tag First Indicator Second Indicator Subfields
LEADER 00000uam a2200000 a 4500
001 in00004132239
005 20260122212250.6
006 m o d
007 cr cn
008 180614s2014 xx o eng
020 |z 9780133988161 
020 |z 0735684790 
020 |z 9780735684799 
020 |z 0133988163 
035 |a (CaSebORM)9780133988161 
040 |d UtOrBLW 
041 0 |a eng 
100 1 |a Russel, Charlie,  |e author.  |0 http://id.loc.gov/authorities/names/n91125401 
245 1 0 |a Exam Ref MCSA 70-411 :  |b Administering Windows Server 2012 R2 /  |c Russel, Charlie. 
250 |a 1st edition. 
264 1 |b Microsoft Press,  |c 2014. 
300 |a 1 online resource (432 pages) 
336 |a text  |b txt  |2 rdacontent 
337 |a computer  |b c  |2 rdamedia 
338 |a online resource  |b cr  |2 rdacarrier 
347 |a text file 
520 |a Prepare for Microsoft Exam 70-411 - and help demonstrate your real-world mastery of administering Windows Server 2012 R2. Designed for experienced IT professionals ready to advance their status, Exam Ref focuses on the critical-thinking and decision-making acumen needed for success at the MCSA level. Focus on the expertise measured by these objectives: Deploy, manage, and maintain servers Configure file and print services Configure network services and access Configure a Network Policy Server (NPS) infrastructure Configure Active Directory Configure and manage Group Policy This Microsoft Exam Ref : Organizes its coverage by objectives. Features strategic, what-if scenarios to challenge candidates. Assumes you have experience administering Windows Server 2012 R2 core infrastructure. 
533 |a Electronic reproduction.  |b Boston, MA :  |c Safari,  |n Available via World Wide Web.  |d 2014. 
538 |a Mode of access: World Wide Web. 
542 |f Copyright © 2014 by Charlie Russel  |g 2014 
588 |a Online resource; Title from title page (viewed June 23, 2014) 
500 |a Electronic resource. 
655 7 |a Electronic books.  |2 local 
710 2 |a Safari, an O'Reilly Media Company. 
856 4 0 |u https://proxy.library.tamu.edu/login?url=https://go.oreilly.com/TAMU/library/view/-/9780133988161/?ar  |z Connect to this electronic resource  |t 0 
999 f f |s 2e922c92-ec9a-3731-840c-13989fe70e90  |i 25c76fc0-a865-314a-8fcd-5b0db7f1e1d0  |t 0 
952 f f |a Texas A&M University  |b College Station  |c Electronic Resources  |s www_evans  |d Available Online  |t 0  |h No information provided 
998 f f |t 0  |l Available Online